Missing Word: Top Grossing Movies (2004) Quiz Stats

 Plays Quiz Updated Jan 16, 2015

Challenge
Share
Tweet
Embed
Score 0/20 Timer 02:00
5 Plays Today
Movie Missing Word % Correct
Spider-___ 2Man
99.5%
____ the FockersMeet
97.2%
Million ______ BabyDollar
96.2%
_, RobotI
95.5%
The Polar _______Express
93.9%
Ocean's ______Twelve
92.2%
The Day After ________Tomorrow
92.2%
The ______ SupremacyBourne
90.4%
50 _____ DatesFirst
89.8%
Bridget _____: The Edge of ReasonJones
85.8%
Movie Missing Word % Correct
___ HelsingVan
85.3%
Lemony Snicket's A Series of ___________ EventsUnfortunate
84.2%
Harry Potter and the Prisoner of _______Azkaban
81.3%
National ________Treasure
79.8%
The _______ of the ChristPassion
78.2%
Fahrenheit _/__9/11
59.8%
Garfield: The _____Movie
54%
_____ TaleShark
49.7%
Scooby-Doo 2: Monsters _________Unleashed
24.2%
King ______Arthur
17%

Today's Daily Dose

Word Ladder
Faux Pas

Quick Pick
Pacific Islands

On This Day
November 20th II

You're not logged in!

Compare scores with friends on all Sporcle quizzes.
Join for Free
OR
Log In

You Might Also Like...

Show Comments

Extras

Top Quizzes Today


Score Distribution

Your Account Isn't Verified!

In order to create a playlist on Sporcle, you need to verify the email address you used during registration. Go to your Sporcle Settings to finish the process.

Report this User

Report this user for behavior that violates our Community Guidelines.

Details: